Historia de la religiosidad griega

Guardat en:
Dades bibliogràfiques
Autor principal: Nilsson, Martin Persson (autor)
Format: Llibre
Idioma:espanyol
Publicat: Madrid, España Gredos 1953
Matèries:
Etiquetes: Afegir etiqueta
Sense etiquetes, Sigues el primer a etiquetar aquest registre!

MARC

LEADER 00000nam a2200000 a 4500
001 UCT8443
003 CL-VaPUC
005 20240820120624.0
008 970326e19530000SP |||||||||||||||||spa|d
999 |c 256940  |d 256938 
040 |c Pontificia Universidad Católica de Valparaíso 
082 0 4 |a 292 NIL 1953  |2 21 
100 |a Nilsson, Martin Persson  |e autor  |9 380180 
245 1 0 |a Historia de la religiosidad griega 
260 |a Madrid, España  |b Gredos  |c 1953 
300 |a 236 páginas 
583 |a last modification  |c 19970326 00:00:00  |k Rodrigo Vera 
650 0 |a Religiones antiguas  |z GRECIA  |9 314285 
650 0 |a Astrología   |z GRECIA  |9 265005 
650 7 |a MONOTEISMO  |2 CL-VaPUC  |9 346921  |z GRECIA 
650 0 |a Ocultismo   |z GRECIA  |9 265006 
650 0 |a Religión y sociedad  |z GRECIA  |9 380181 
942 |c BK  |2 ddc 
945 |d 19970326 00:00:00  |a rleighto 
952 |0 0  |1 0  |2 ddc  |4 0  |6 292_000000000000000_NIL_1953  |7 0  |8 P  |9 280103  |a BIBEDU  |b BIBEDU  |c BIBEDU_PB  |d 2019-11-19  |i 3295184  |l 3  |m 1  |o 292 NIL 1953  |p 3295184  |r 2024-05-06  |s 2024-05-03  |t 2  |w 2019-11-19  |y BK  |k LIT 
952 |0 0  |1 0  |2 ddc  |4 0  |6 292_000000000000000_NIL_1953  |7 0  |8 A  |9 280104  |a BIBHIS  |b BIBHIS  |d 2019-11-19  |i 1332937  |o 292 NIL 1953  |p 1332937  |r 2025-01-20  |t 1  |w 2019-11-19  |y BK  |k HIS